Central Library OPAC University of Rajshahi

A history of Islamic Sicily / (Record no. 32763)

MARC details
000 -LEADER
fixed length control field 00960nam a2200289 i 4500
001 - CONTROL NUMBER
control field 32763
003 - CONTROL NUMBER IDENTIFIER
rucl marc code BD-RjUL
005 - DATE AND TIME OF LATEST TRANSACTION
control field 20211209051906.0
008 - FIXED-LENGTH DATA ELEMENTS--GENERAL INFORMATION
fixed length control field 140428s1975 stkaf b 001 0 eng d
020 ## - INTERNATIONAL STANDARD BOOK NUMBER
International Standard Book Number 0852242743 :
035 ## - SYSTEM CONTROL NUMBER
System control number (BD-RjUL)32853
040 ## - CATALOGING SOURCE
Original cataloging agency DLC
Transcribing agency DLC
Modifying agency DLC
-- WaU
-- DLC
-- BD-RjUL
Language of cataloging eng
041 ## - LANGUAGE CODE
Language code of text/sound track or separate title eng
082 00 - DEWEY DECIMAL CLASSIFICATION NUMBER
Classification number 953.0297
Author mark and year AHH V-10 1975
100 0# - MAIN ENTRY--PERSONAL NAME
Personal name ʻAzīz Aḥmad,
Dates associated with a name 1913-1978.
9 (RLIN) 77581
245 12 - TITLE STATEMENT
Title A history of Islamic Sicily /
Statement of responsibility, etc. Aziz Ahmad.
260 ## - PUBLICATION, DISTRIBUTION, ETC. (IMPRINT)
Place of publication, distribution, etc. Edinburgh :
Name of publisher, distributor, etc. Edinburgh University Press,
Date of publication, distribution, etc. c1975.
300 ## - PHYSICAL DESCRIPTION
Pagination xi, 147 p., [4] leaves of plates :
Illustrations ill. ;
Size 21 cm.
504 ## - BIBLIOGRAPHY, ETC. NOTE
Bibliography, etc Bibliography: p. 124-136. and Index
650 #0 - SUBJECT ADDED ENTRY--TOPICAL TERM
Topical term or geographic name as entry element Arabs
Geographic subdivision Italy
-- Sicily
General subdivision History.
9 (RLIN) 99633
651 #0 - SUBJECT ADDED ENTRY--GEOGRAPHIC NAME
Geographic name Sicily (Italy)
General subdivision History
Chronological subdivision 800-1016.
9 (RLIN) 99634
Geographic name Sicily (Italy)
General subdivision History
Chronological subdivision 1016-1194.
9 (RLIN) 99635
942 ## - ADDED ENTRY ELEMENTS (KOHA)
Source of classification or shelving scheme Dewey Decimal Classification
Koha item type Books
Holdings
Lost status Source of classification or shelving scheme Damaged status Not for loan Collection code Permanent Location Current Location Shelving location Date acquired Source of acquisition Cost, normal purchase price Total Checkouts Full call number Date last seen Copy number Koha item type
  Dewey Decimal Classification   Not For Loan Non-fiction Central Library, University of Rajshahi Central Library, University of Rajshahi Reading Room 15/11/1980 Heffer 2.50   953.0297 AHH V-10 1975 28/04/2014 C-1 Books